| 000 | 00930nam a2200217Ia 4500 | ||
|---|---|---|---|
| 003 | Ost | ||
| 005 | 20260507075035.0 | ||
| 008 | 260507s9999||||xx |||||||||||||| ||und|| | ||
| 040 | _cfsecg | ||
| 041 | _aara | ||
| 082 | _a330 | ||
| 100 |
_aحمادة، محمد أنور _eمؤلف |
||
| 245 | 0 |
_aالتصرفات القانونية الواردة على المحل التجاري : _bالبيع، الرهن، التأجير / _c محمد أنور حمادة |
|
| 260 |
_aالإسكندرية: _bدار الفكر الجامعي, _c2001 |
||
| 300 |
_a105 صفحة؛ _bإيضاحات ؛ _c24 سم |
||
| 520 | _aطبيعة المحل التجاري وخصائصه- بيع المحل التجاري- رهن المحل التجاري- تأجير المحل التجاري للإستغلال | ||
| 653 | _aالبيع | ||
| 653 | _aالتصرفات الدستورية | ||
| 653 | _aالمحل التجاري | ||
| 942 | _cكتاب | ||
| 999 |
_c42455 _d42455 |
||